|
|
|
|
| LEADER |
00000cas a2200000 a 4500 |
| 001 |
vtls001339940 |
| 003 |
SK-MaSNL |
| 005 |
20260228155650.0 |
| 008 |
980820d19392002xr mr| 0 0 0slo |
| 022 |
|
|
|a 1211-4154
|
| 035 |
|
|
|a SNK000293020
|
| 040 |
|
|
|a SNK
|b slo
|c SNK
|e AACR2
|
| 041 |
0 |
|
|a cze
|
| 044 |
|
|
|a xr
|c CZ
|
| 072 |
|
7 |
|a 655
|x Polygrafia. Vydavateľstvá a knižný obchod
|2 konspekt
|
| 080 |
|
|
|a 655.421-051
|2 2001
|
| 080 |
|
|
|a 655.41
|2 2011
|
| 080 |
|
|
|a 050
|2 2011
|
| 080 |
|
|
|a (051)-048.55
|2 2011
|
| 210 |
0 |
|
|a Knihkupec nakl.
|
| 222 |
|
0 |
|a Knihkupec a nakladatel
|
| 245 |
0 |
0 |
|a Knihkupec a nakladatel
|b orgán Spolku knihkupců a nakladatelů ČSR v Praze
|
| 260 |
|
|
|a Praha
|b Svaz českých knihkupců a nakladatelů
|c 1939-1948, 1992-2002
|
| 300 |
|
|
|a zv.
|c cm
|
| 310 |
|
|
|a 1x mesačne
|b 1997-2002
|
| 321 |
|
|
|a 6x ročne
|b 1996
|
| 321 |
|
|
|a 1x týždenne
|b ?-1948
|
| 362 |
0 |
|
|a Roč. 1, č. 1 (1939)-roč. 10 č. 55 (1948-49) ; [Roč. 11, č. 1 (1992)]-roč. 7(21), č. 3 (2002)
|z NK ČR
|
| 500 |
|
|
|a Zmena podnázvu od r. 1996: časopis Svazu českých knihkupců a nakladatelů
|
| 500 |
|
|
|a Pôvodný vydavateľ: Čsl. grafická unie
|
| 650 |
0 |
7 |
|a kníhkupci
|2 SNKPH
|9 83611
|
| 650 |
0 |
7 |
|a nakladateľstvá a vydavateľstvá
|2 SNKPH
|9 2789
|
| 655 |
|
7 |
|a špecializované časopisy
|2 SNKPH
|9 70509
|
| 780 |
0 |
0 |
|t Československý knihkupec
|
| 910 |
|
|
|a snk
|
| 999 |
|
|
|c 140
|d 140
|
| 952 |
|
|
|0 0
|1 0
|4 0
|7 0
|a SNK
|b SNK
|d 1998-08-20
|l 0
|o snkČSB 312/9/1947
|p 17A0155083
|r 2005-01-02 00:00:00
|t č. 1-52
|w 2026-02-21
|y PREZ
|
| 952 |
|
|
|0 0
|1 0
|4 0
|7 0
|a SNK
|b SNK
|d 1998-08-20
|l 0
|o snkČSB 312/10/1948
|p 17A0156269
|r 2005-01-02 00:00:00
|t č. 1-55
|w 2026-02-21
|y PREZ
|